000 00291nam a2200121Ia 4500
008 190216s9999||||xx |||||||||||||| ||und||
100 _aGeorge R Terry
245 0 _aPrinciples Of Managment
260 _bNew Central Book Agencies
_c1972
300 _a647p
650 _aCommerce
942 _cBK
999 _c5277
_d5277